[Event "Politiken Cup 2008"]
[Site "Helsingør DEN"]
[Date "2008.07.22"]
[Round "6.40"]
[White "Inhoven, Stefan"]
[Black "Van Der Linde, Maurits"]
[Result "1-0"]
[WhiteElo "2124"]
[BlackElo "2205"]
[PlyCount "53"]
[EventDate "2008.07.20"]
[EventType "swiss"]
[EventRounds "9"]
[EventCountry "DEN"]
[Source "lmi"]
[SourceDate "2008.07.20"]
[WhiteTeam "SK62 Ladenburg"]
[BlackTeam "SV Spijkenisse"]

1. Nf3 Nf6 2. d4 g6 3. Nc3 d5 4. Bf4 Bg7 5. Qd2 Ne4 6. Nxe4 dxe4 7. Ne5 Be6 8.
e3 f6 9. Nc4 c6 10. c3 Nd7 11. Qc2 O-O 12. Qxe4 Bf5 13. Qf3 e5 14. dxe5 fxe5
15. Bg3 Nc5 16. Qd1 Bd3 17. Nxe5 Bxe5 18. Bxe5 Qh4 19. Bg3 Qc4 20. Bd6 Bxf1 21.
Bxc5 Bxg2 22. Bxf8 Bxh1 23. Bh6 Qh4 24. Qb3+ Bd5 25. Qxb7 Qxh6 26. Qxa8+ Kg7
27. Qxa7+ 1-0

[Event "Politiken Cup 2008"]
[Site "Helsingør DEN"]
[Date "2008.07.22"]
[Round "6.41"]
[White "Molvig, Henrik"]
[Black "Schmied, Andreas"]
[Result "1-0"]
[WhiteElo "2204"]
[BlackElo "2089"]
[PlyCount "51"]
[EventDate "2008.07.20"]
[EventType "swiss"]
[EventRounds "9"]
[EventCountry "DEN"]
[Source "lmi"]
[SourceDate "2008.07.20"]
[WhiteTeam "Skovbo"]
[BlackTeam "SV Vimbuch"]

1. d4 f5 2. g3 Nf6 3. Bg2 g6 4. Nf3 Bg7 5. O-O O-O 6. b3 d6 7. Bb2 Ne4 8. Nfd2
Nxd2 9. Nxd2 e5 10. dxe5 dxe5 11. Nc4 Qxd1 12. Raxd1 e4 13. Bxg7 Kxg7 14. f3
exf3 15. exf3 Na6 16. Rfe1 Kf6 17. f4 Rb8 18. Ne5 Be6 19. Bd5 Bc8 20. a3 Nc5
21. b4 Ne6 22. Bb3 Ng7 23. Rd7 c6 24. Rd6+ Ne6 25. Bxe6 Bxe6 26. Nd7+ 1-0

[Event "Politiken Cup 2008"]
[Site "Helsingør DEN"]
[Date "2008.07.22"]
[Round "6.42"]
[White "Van Zutphen, Jimmy"]
[Black "Strand, Kjetil"]
[Result "1-0"]
[WhiteElo "2201"]
[BlackElo "2066"]
[PlyCount "65"]
[EventDate "2008.07.20"]
[EventType "swiss"]
[EventRounds "9"]
[EventCountry "DEN"]
[Source "lmi"]
[SourceDate "2008.07.20"]
[WhiteTeam "SV De Wijker Toren"]
[BlackTeam "Asker"]

1. d4 d5 2. Bg5 Bf5 3. c4 c6 4. Nc3 Nf6 5. Bxf6 exf6 6. cxd5 Bb4 7. dxc6 Nxc6
8. e3 Qa5 9. Nge2 Bg4 10. f3 Bd7 11. a3 Bd6 12. Qd2 O-O 13. Ng3 Rfe8 14. Be2 f5
15. f4 Qd8 16. O-O Qe7 17. Nd5 Qh4 18. Bd3 g6 19. Qf2 Ne7 20. Nxe7+ Qxe7 21. e4
fxe4 22. Nxe4 Bc7 23. Rae1 Bc6 24. f5 Bxe4 25. fxg6 Bxh2+ 26. Kh1 hxg6 27. Bxe4
Qc7 28. Bd5 Rf8 29. Qf6 Qg3 30. Bxf7+ Kh7 31. Re4 g5 32. Qg6+ Kh8 33. Qh6# 1-0

[Event "Politiken Cup 2008"]
[Site "Helsingør DEN"]
[Date "2008.07.22"]
[Round "6.44"]
[White "Rabus, Berthold"]
[Black "Petersen, Nils"]
[Result "1/2-1/2"]
[WhiteElo "2198"]
[BlackElo "2043"]
[PlyCount "36"]
[EventDate "2008.07.20"]
[EventType "swiss"]
[EventRounds "9"]
[EventCountry "DEN"]
[Source "lmi"]
[SourceDate "2008.07.20"]
[WhiteTeam "SC Grunbach"]
[BlackTeam "Øbro"]

1. d4 Nf6 2. Bf4 e6 3. e3 b6 4. Nf3 Bb7 5. Be2 Be7 6. h3 O-O 7. O-O d6 8. Nbd2
Nbd7 9. c3 c5 10. Qc2 cxd4 11. exd4 Qc7 12. Bh2 Rfc8 13. Rfe1 Nf8 14. Rad1 Qc6
15. Bd3 b5 16. Qb3 a6 17. Ne4 N8d7 18. Nfd2 Qc7 1/2-1/2

[Event "Politiken Cup 2008"]
[Site "Helsingør DEN"]
[Date "2008.07.22"]
[Round "6.45"]
[White "Tallaksen, Levi Andre"]
[Black "Laursen, Niels Norskov"]
[Result "1/2-1/2"]
[WhiteElo "2045"]
[BlackElo "2190"]
[PlyCount "101"]
[EventDate "2008.07.20"]
[EventType "swiss"]
[EventRounds "9"]
[EventCountry "DEN"]
[Source "lmi"]
[SourceDate "2008.07.20"]
[WhiteTeam "Porsgrund"]
[BlackTeam "K41"]

1. d4 Nf6 2. Nf3 c5 3. e3 g6 4. Bd3 Bg7 5. O-O O-O 6. c3 cxd4 7. exd4 d6 8. Re1
Nc6 9. Bf4 b6 10. Na3 Bb7 11. Nc4 Re8 12. Qd2 b5 13. Na3 a6 14. Bh6 Bh8 15.
Rad1 Rc8 16. Bb1 Na5 17. Qf4 Qd7 18. h3 Bd5 19. Ng5 Rb8 20. Nc2 Nc4 21. Ne3 Ba8
22. Re2 e6 23. b3 Nxe3 24. Qxe3 Nd5 25. Qg3 Rbc8 26. Rc2 b4 27. cxb4 Rxc2 28.
Bxc2 Rc8 29. Bd3 Nxb4 30. Bb1 Bd5 31. h4 Nc2 32. Qf4 Nxd4 33. Rxd4 e5 34. Qg4
f5 35. Bxf5 gxf5 36. Qg3 f4 37. Rxf4 Rc1+ 38. Kh2 exf4 39. Qd3 Bb7 40. Qd2 Rc8
41. Qd3 Be5 42. f3 Rc3 43. Qb1 Re3 44. Qc2 Re1 45. Qc4+ d5 46. Qb4 Qd6 47. Qxb7
Qxh6 48. Qf7+ Kh8 49. Qe8+ Kg7 50. Qe7+ Kg8 51. Qf7+ 1/2-1/2

[Event "Politiken Cup 2008"]
[Site "Helsingør DEN"]
[Date "2008.07.22"]
[Round "6.46"]
[White "Rossen, Claus"]
[Black "Hansen, Mads"]
[Result "1/2-1/2"]
[WhiteElo "2187"]
[BlackElo "2041"]
[PlyCount "32"]
[EventDate "2008.07.20"]
[EventType "swiss"]
[EventRounds "9"]
[EventCountry "DEN"]
[Source "lmi"]
[SourceDate "2008.07.20"]
[WhiteTeam "Tjele"]
[BlackTeam "Frem"]

1. d4 Nf6 2. c4 e6 3. Nf3 d5 4. Nbd2 c6 5. g3 Nbd7 6. Bg2 Bd6 7. O-O O-O 8. Qc2
Re8 9. e4 dxe4 10. Nxe4 Nxe4 11. Qxe4 e5 12. Rd1 exd4 13. Qxd4 Bc5 14. Qf4 Qb6
15. Ng5 Nf6 16. Ne4 Nxe4 1/2-1/2

[Event "Politiken Cup 2008"]
[Site "Helsingør DEN"]
[Date "2008.07.22"]
[Round "6.47"]
[White "Hvenekilde, Jorgen"]
[Black "Rostgaard, Tobias Valentin"]
[Result "1-0"]
[WhiteElo "2179"]
[BlackElo "2035"]
[PlyCount "57"]
[EventDate "2008.07.20"]
[EventType "swiss"]
[EventRounds "9"]
[EventCountry "DEN"]
[Source "lmi"]
[SourceDate "2008.07.20"]
[WhiteTeam "Næstved"]
[BlackTeam "Frem"]

1. d4 Nf6 2. c4 e6 3. Nf3 d5 4. Nc3 c6 5. Bg5 dxc4 6. e4 b5 7. e5 h6 8. Bh4 g5
9. exf6 gxh4 10. Ne5 Bb4 11. Be2 Rf8 12. O-O Bxc3 13. bxc3 Qxf6 14. Bf3 Bb7 15.
a4 Qe7 16. Re1 Qc7 17. Qb1 Nd7 18. axb5 cxb5 19. Qxb5 Bxf3 20. Nxf3 h3 21. Qh5
O-O-O 22. Qxh3 Rg8 23. Ne5 Nb6 24. Qf3 Nd5 25. Ra6 Rd6 26. Rxd6 Qxd6 27. Qxf7
Rg5 28. Nxc4 Qc6 29. Qxe6+ 1-0

[Event "Politiken Cup 2008"]
[Site "Helsingør DEN"]
[Date "2008.07.22"]
[Round "6.49"]
[White "Guttulsrud, Odd Martin"]
[Black "Akdag, Dara"]
[Result "1-0"]
[WhiteElo "1976"]
[BlackElo "2172"]
[PlyCount "85"]
[EventDate "2008.07.20"]
[EventType "swiss"]
[EventRounds "9"]
[EventCountry "DEN"]
[Source "lmi"]
[SourceDate "2008.07.20"]
[WhiteTeam "1911"]
[BlackTeam "BMS"]

1. e4 c5 2. Nf3 d6 3. d4 cxd4 4. Nxd4 Nf6 5. Nc3 a6 6. Be2 e5 7. Nb3 Be7 8. a4
O-O 9. O-O Be6 10. Bf3 Nbd7 11. Re1 Rc8 12. Nd2 Qa5 13. Nf1 Rfd8 14. Ne3 Nb6
15. Ncd5 Nbxd5 16. exd5 Bd7 17. c4 Ne8 18. Be4 g6 19. g4 Ng7 20. Bd2 Qc5 21.
Rc1 a5 22. b3 Rf8 23. Bc3 f5 24. gxf5 gxf5 25. Bg2 Rf6 26. Nf1 f4 27. Nd2 Rg6
28. Ne4 Qa7 29. Kh1 Kh8 30. c5 Rxc5 31. Nxc5 Qxc5 32. Bd4 Qb4 33. Rc4 Qa3 34.
Qc2 Nf5 35. Bb2 Qa2 36. Bxe5+ dxe5 37. Qxa2 Nh4 38. Be4 Bh3 39. Bxg6 Nxg6 40.
Rg1 Bf5 41. f3 Nh4 42. Rxf4 Bg6 43. Qb2 1-0

[Event "Politiken Cup 2008"]
[Site "Helsingør DEN"]
[Date "2008.07.22"]
[Round "6.51"]
[White "Moller, Arne"]
[Black "Petersen, Steen"]
[Result "0-1"]
[WhiteElo "1943"]
[BlackElo "2170"]
[PlyCount "54"]
[EventDate "2008.07.20"]
[EventType "swiss"]
[EventRounds "9"]
[EventCountry "DEN"]
[Source "lmi"]
[SourceDate "2008.07.20"]
[WhiteTeam "Amager"]
[BlackTeam "Brønshøj"]

1. e4 e5 2. Nf3 Nc6 3. Bb5 a6 4. Ba4 Nf6 5. O-O Be7 6. Bxc6 dxc6 7. Qe1 Nd7 8.
b3 c5 9. Bb2 Bf6 10. c3 O-O 11. Na3 b5 12. Nc2 Bb7 13. d3 g6 14. Qe2 Re8 15.
Nd2 Bg7 16. Ne3 Nf8 17. Rad1 Ne6 18. g3 Qd6 19. Nf3 Rad8 20. Nh4 f5 21. exf5
Nf4 22. gxf4 exf4 23. Qg4 fxe3 24. fxg6 e2 25. gxh7+ Kxh7 26. Nf5 Qg6 27. Qxg6+
Kxg6 0-1

[Event "Politiken Cup 2008"]
[Site "Helsingør DEN"]
[Date "2008.07.22"]
[Round "6.52"]
[White "Jorgensen, Dennis"]
[Black "Bjorneboe, Kristian"]
[Result "1/2-1/2"]
[WhiteElo "2167"]
[BlackElo "1850"]
[PlyCount "57"]
[EventDate "2008.07.20"]
[EventType "swiss"]
[EventRounds "9"]
[EventCountry "DEN"]
[Source "lmi"]
[SourceDate "2008.07.20"]
[WhiteTeam "Allerød"]
[BlackTeam "Ålsgårde"]

1. d4 Nf6 2. Nf3 d5 3. c4 e6 4. Nc3 c6 5. e3 Nbd7 6. Bd3 dxc4 7. Bxc4 Bb4 8.
O-O O-O 9. Qc2 Qe7 10. a3 Ba5 11. Rd1 e5 12. Ba2 e4 13. Nd2 Bxc3 14. bxc3 Re8
15. a4 Nf8 16. Ba3 Qc7 17. Nc4 Bg4 18. Rdb1 Rad8 19. Ne5 Be6 20. Qb2 Bxa2 21.
Rxa2 Ng6 22. Nxg6 hxg6 23. c4 Rd7 24. Qc3 b6 25. Rd2 Rc8 26. Rbd1 Qb7 27. Qb3
Qa6 28. Rb1 Qa5 29. Qd1 1/2-1/2

[Event "Politiken Cup 2008"]
[Site "Helsingør DEN"]
[Date "2008.07.22"]
[Round "6.55"]
[White "Van Der Grinten, Bas"]
[Black "Dvoretska, Olena"]
[Result "1-0"]
[WhiteElo "1921"]
[BlackElo "2156"]
[PlyCount "81"]
[EventDate "2008.07.20"]
[EventType "swiss"]
[EventRounds "9"]
[EventCountry "DEN"]
[Source "lmi"]
[SourceDate "2008.07.20"]
[WhiteTeam "Venlose"]

1. c4 e5 2. Nc3 Nc6 3. g3 g6 4. Bg2 Bg7 5. e3 f5 6. Nge2 Nf6 7. O-O O-O 8. d4
d6 9. f4 Qe8 10. fxe5 dxe5 11. d5 Na5 12. Nb5 Qd8 13. Qa4 c6 14. dxc6 Nxc6 15.
Rd1 Qb6 16. Nec3 a6 17. Nd5 Nxd5 18. Bxd5+ Kh8 19. Nd6 Bf6 20. Bd2 Ne7 21. Qb4
Nxd5 22. cxd5 Qd8 23. Bc3 b5 24. Qc5 Qe7 25. Rac1 a5 26. b4 Bd7 27. Nb7 Qg7 28.
Qd6 f4 29. Nc5 Bg4 30. Ne6 Bxe6 31. dxe6 fxe3 32. Rf1 axb4 33. Ba1 e2 34. Rxf6
Rxf6 35. Bxe5 Kg8 36. Qd5 Qa7+ 37. Bd4 Rf1+ 38. Kg2 Qxa2 39. Rc8+ Rf8 40. Rxf8+
Kxf8 41. Qf3+ 1-0

[Event "Politiken Cup 2008"]
[Site "Helsingør DEN"]
[Date "2008.07.22"]
[Round "6.56"]
[White "Kaaber, Jacob"]
[Black "Hjornevik, Knut Jarle"]
[Result "1-0"]
[WhiteElo "2206"]
[BlackElo "1645"]
[PlyCount "121"]
[EventDate "2008.07.20"]
[EventType "swiss"]
[EventRounds "9"]
[EventCountry "DEN"]
[Source "lmi"]
[SourceDate "2008.07.20"]
[WhiteTeam "Køge"]
[BlackTeam "Sandness"]

1. c4 c6 2. g3 d5 3. Bg2 Nf6 4. Nf3 b6 5. O-O Bb7 6. b3 e6 7. Bb2 Be7 8. d3 O-O
9. Nbd2 Nbd7 10. Qc2 Rc8 11. Rad1 Qc7 12. e4 Rfd8 13. Rfe1 dxe4 14. dxe4 Nc5
15. e5 Ne8 16. Bf1 Nd7 17. Bd3 Nf8 18. Ne4 h6 19. c5 bxc5 20. Nxc5 Rd5 21. Nxb7
Qxb7 22. Be4 Bb4 23. Re2 Nd7 24. a3 Rxd1+ 25. Qxd1 Be7 26. Bc2 Nf8 27. Nd2 Nc7
28. Nc4 Rd8 29. Rd2 Nd5 30. Qf3 Qc7 31. Qe4 Rb8 32. Rd3 Rd8 33. Rf3 Rd7 34. Qg4
Qd8 35. Qh5 f5 36. exf6 Nxf6 37. Qe5 Rd5 38. Qe3 Ng4 39. Rxf8+ Qxf8 40. Qxe6+
Qf7 41. Qxg4 Bc5 42. Qc8+ Qf8 43. Qe6+ Qf7 44. Qxf7+ Kxf7 45. Kf1 Ke6 46. Be4
Rd1+ 47. Ke2 Rd7 48. Bxc6 Rf7 49. f3 Bg1 50. h4 g5 51. h5 Bc5 52. Be4 Rc7 53.
Ne3 Bf8 54. f4 gxf4 55. gxf4 Rc5 56. Bg6 Rb5 57. f5+ Kd6 58. b4 Kd7 59. Bc3 Rb7
60. Kd3 a5 61. Nc4 1-0

[Event "Politiken Cup 2008"]
[Site "Helsingør DEN"]
[Date "2008.07.22"]
[Round "6.57"]
[White "Jensen, Ib"]
[Black "Tsiolakidis, Anastasios"]
[Result "0-1"]
[WhiteElo "2005"]
[BlackElo "2365"]
[PlyCount "76"]
[EventDate "2008.07.20"]
[EventType "swiss"]
[EventRounds "9"]
[EventCountry "DEN"]
[Source "lmi"]
[SourceDate "2008.07.20"]
[WhiteTeam "Helsingør"]

1. d4 f5 2. Nc3 d5 3. Nf3 Nf6 4. Bf4 e6 5. e3 Bd6 6. Ne5 O-O 7. Be2 Nc6 8. O-O
Bxe5 9. Bxe5 Nxe5 10. dxe5 Nd7 11. f4 g5 12. Nb5 Nc5 13. Bd3 Bd7 14. Nd4 Nxd3
15. cxd3 c5 16. Nf3 g4 17. Ne1 Bb5 18. Rf2 Rf7 19. Rc1 b6 20. Rd2 d4 21. e4 h5
22. exf5 Rxf5 23. g3 Bc6 24. Qb3 Bd5 25. Qc2 a5 26. Ng2 Ra7 27. Nh4 Rxf4 28.
gxf4 Qxh4 29. Rg2 Rg7 30. Qf2 Qe7 31. f5 Qg5 32. Rf1 Bxg2 33. Kxg2 g3 34. hxg3
exf5 35. Qf4 h4 36. Kh3 hxg3 37. Qxg5 Rxg5 38. Kg2 Kf7 0-1

[Event "Politiken Cup 2008"]
[Site "Helsingør DEN"]
[Date "2008.07.22"]
[Round "6.58"]
[White "Noer, Martin Stampe"]
[Black "Kulago, Alexander"]
[Result "0-1"]
[WhiteElo "2000"]
[BlackElo "2305"]
[PlyCount "74"]
[EventDate "2008.07.20"]
[EventType "swiss"]
[EventRounds "9"]
[EventCountry "DEN"]
[Source "lmi"]
[SourceDate "2008.07.20"]
[WhiteTeam "Nordkalotten"]

1. d4 d5 2. Nf3 Nf6 3. Bg5 Nbd7 4. c4 e6 5. Nc3 Be7 6. e3 a6 7. Bd3 O-O 8. O-O
h6 9. Bh4 dxc4 10. Bxc4 b5 11. Bd3 Bb7 12. a3 c5 13. dxc5 Nxc5 14. Be2 Nfe4 15.
Bxe7 Qxe7 16. Nxe4 Nxe4 17. b4 Rfd8 18. Qb3 Bd5 19. Qb2 Rac8 20. Rac1 Nd6 21.
Rxc8 Rxc8 22. Rc1 Qb7 23. Rxc8+ Nxc8 24. Qc3 Nd6 25. Ne1 Ne4 26. Qc2 Nd6 27.
Qc3 f6 28. f3 Bc4 29. Bxc4 Nxc4 30. Qd3 Kf7 31. Nc2 Qa7 32. Kf2 g6 33. Ke2 Qc7
34. g3 Nb2 35. Qd2 Qc4+ 36. Kf2 Nd3+ 37. Kg2 Qxc2 0-1

[Event "Politiken Cup 2008"]
[Site "Helsingør DEN"]
[Date "2008.07.22"]
[Round "6.59"]
[White "Bach, Matthias"]
[Black "Hansen, Rene Rauer"]
[Result "1-0"]
[WhiteElo "2272"]
[BlackElo "2001"]
[PlyCount "65"]
[EventDate "2008.07.20"]
[EventType "swiss"]
[EventRounds "9"]
[EventCountry "DEN"]
[Source "lmi"]
[SourceDate "2008.07.20"]
[WhiteTeam "Hsk V 1830"]
[BlackTeam "Læseforeningen"]

1. d4 Nf6 2. c4 g6 3. Nc3 Bg7 4. e4 d6 5. f4 O-O 6. Nf3 c5 7. d5 e6 8. Be2 exd5
9. cxd5 Re8 10. e5 dxe5 11. fxe5 Ng4 12. e6 fxe6 13. d6 Bd7 14. Ng5 Nf6 15. O-O
Nc6 16. Bf3 a6 17. Nge4 Nxe4 18. Nxe4 Rc8 19. Bg5 Qb6 20. Nf6+ Bxf6 21. Bxf6
Nd4 22. Be5 Qxb2 23. Kh1 Rf8 24. Rb1 Qxa2 25. Bxd4 cxd4 26. Rxb7 Qa4 27. h3 Rf7
28. Qxa4 Bxa4 29. Rxf7 Bb5 30. Be2 Bxe2 31. d7 Bxf1 32. dxc8=Q+ Kxf7 33. Qd7+
1-0

[Event "Politiken Cup 2008"]
[Site "Helsingør DEN"]
[Date "2008.07.22"]
[Round "6.60"]
[White "Ukkelberg, Oyvind"]
[Black "Blomstrom, Lars"]
[Result "1-0"]
[WhiteElo "1986"]
[BlackElo "2197"]
[PlyCount "75"]
[EventDate "2008.07.20"]
[EventType "swiss"]
[EventRounds "9"]
[EventCountry "DEN"]
[Source "lmi"]
[SourceDate "2008.07.20"]
[WhiteTeam "Trondheim"]
[BlackTeam "ôrebro SS"]

1. f4 e5 2. d3 exf4 3. Bxf4 d5 4. e4 dxe4 5. dxe4 Qf6 6. Bxc7 Nc6 7. Bb5 Bd7 8.
Nc3 Bb4 9. Qd3 Bxc3+ 10. bxc3 Nge7 11. Rd1 O-O 12. Qxd7 Qh4+ 13. Kf1 Qf6+ 14.
Nf3 Qxc3 15. Qd3 Qf6 16. Kf2 Ng6 17. Rhe1 Rfc8 18. Bg3 Nce5 19. Qd4 Rxc2+ 20.
Re2 Rc3 21. Qd6 Ng4+ 22. Kg1 a6 23. Qxf6 Nxf6 24. Ba4 b5 25. Bb3 a5 26. Ng5 Nh8
27. Red2 Rac8 28. e5 h6 29. Nxf7 Nxf7 30. exf6 a4 31. Be6 Re8 32. Bxf7+ Kxf7
33. fxg7 Kxg7 34. Rd7+ Kg6 35. R1d6+ Kf5 36. Rd5+ Ke4 37. Rxb5 Rec8 38. Rb1 1-0

[Event "Politiken Cup 2008"]
[Site "Helsingør DEN"]
[Date "2008.07.22"]
[Round "6.61"]
[White "Eriksen, Terje"]
[Black "Sondergaard, Thomas"]
[Result "1/2-1/2"]
[WhiteElo "2190"]
[BlackElo "1998"]
[PlyCount "110"]
[EventDate "2008.07.20"]
[EventType "swiss"]
[EventRounds "9"]
[EventCountry "DEN"]
[Source "lmi"]
[SourceDate "2008.07.20"]
[WhiteTeam "Drammen"]
[BlackTeam "Ålborg"]

1. Nf3 f5 2. g3 Nf6 3. Bg2 e6 4. O-O Be7 5. c4 O-O 6. b3 d6 7. d4 c6 8. Bb2
Nbd7 9. Nc3 d5 10. Ng5 Nb6 11. c5 h6 12. Nh3 Nbd7 13. Nf4 Kf7 14. Nd3 Ne4 15.
f3 Nxc3 16. Bxc3 Kg8 17. b4 Bf6 18. e4 Qe8 19. e5 Bd8 20. a4 g5 21. f4 Kg7 22.
b5 Rh8 23. Bd2 Nf8 24. Rb1 Ng6 25. Bf3 g4 26. Be2 h5 27. Kf2 h4 28. Rg1 Qg8 29.
Rg2 Qh7 30. Bf1 Kf7 31. Rb3 Ne7 32. Nb4 Bd7 33. bxc6 Nxc6 34. Nxc6 Bxc6 35. Bb5
Kg6 36. Bxc6 bxc6 37. Qb1 Bc7 38. Be1 Rhb8 39. Rb7 h3 40. Rg1 Qg8 41. a5 a6 42.
Rb6 Qe8 43. Bb4 Qd7 44. Qb3 Kf7 45. Qa4 Ke8 46. Rb1 Bxb6 47. cxb6 c5 48. Qxd7+
Kxd7 49. Bxc5 Rb7 50. Ke3 Rc8 51. Kd3 Rc6 52. Rb3 Kc8 53. Kc3 Rd7 54. Kb4 Kb7
55. Rc3 Rd8 1/2-1/2

[Event "Politiken Cup 2008"]
[Site "Helsingør DEN"]
[Date "2008.07.22"]
[Round "6.62"]
[White "Pedersen, Henrik B"]
[Black "Petersen, Martin Reib"]
[Result "1/2-1/2"]
[WhiteElo "2178"]
[BlackElo "1987"]
[PlyCount "53"]
[EventDate "2008.07.20"]
[EventType "swiss"]
[EventRounds "9"]
[EventCountry "DEN"]
[Source "lmi"]
[SourceDate "2008.07.20"]
[WhiteTeam "Herlev"]
[BlackTeam "Øbro"]

1. e4 c6 2. d4 d5 3. e5 Bf5 4. Nf3 e6 5. Be2 c5 6. O-O Nc6 7. c3 Be7 8. dxc5
Bxc5 9. Nbd2 Nge7 10. b4 Bb6 11. b5 Na5 12. Ba3 Rc8 13. Rc1 Bc5 14. Bb4 O-O 15.
Nd4 Bg6 16. Qa4 Bxb4 17. cxb4 Nc4 18. Nxc4 dxc4 19. Rfd1 Bd3 20. Qxa7 Bxe2 21.
Nxe2 Qc7 22. Qe3 Nd5 23. Qe4 Nxb4 24. Rd4 Rfd8 25. Rxd8+ Rxd8 26. g3 Rc8 27.
Nc3 1/2-1/2

[Event "Politiken Cup 2008"]
[Site "Helsingør DEN"]
[Date "2008.07.22"]
[Round "6.63"]
[White "Eriksson, Magnus"]
[Black "Boje, Tobias"]
[Result "0-1"]
[WhiteElo "2163"]
[BlackElo "1979"]
[PlyCount "64"]
[EventDate "2008.07.20"]
[EventType "swiss"]
[EventRounds "9"]
[EventCountry "DEN"]
[Source "lmi"]
[SourceDate "2008.07.20"]
[WhiteTeam "Horndal"]
[BlackTeam "Viby"]

1. d4 d5 2. c4 e6 3. Nc3 Be7 4. Nf3 Nf6 5. Bg5 Nbd7 6. e3 O-O 7. Bd3 a6 8. cxd5
exd5 9. Qc2 c6 10. h3 Re8 11. g4 Nf8 12. O-O-O b5 13. Ne5 Bb7 14. h4 c5 15. Kb1
Rc8 16. Bf5 Rc7 17. Bf4 cxd4 18. Rxd4 b4 19. h5 bxc3 20. Nxf7 Kxf7 21. g5 Kg8
22. Bg6 hxg6 23. Bxc7 Qxc7 24. hxg6 Ne4 25. f3 Qb6 26. fxe4 Qxb2+ 27. Qxb2 cxb2
28. exd5 Bxg5 29. e4 Bf6 30. Rb4 Bc8 31. Rg1 a5 32. Rb8 Ba6 0-1

[Event "Politiken Cup 2008"]
[Site "Helsingør DEN"]
[Date "2008.07.22"]
[Round "6.64"]
[White "Kristensen, Kjell Ole"]
[Black "Henrichsen, Jens"]
[Result "1/2-1/2"]
[WhiteElo "2159"]
[BlackElo "1966"]
[PlyCount "63"]
[EventDate "2008.07.20"]
[EventType "swiss"]
[EventRounds "9"]
[EventCountry "DEN"]
[Source "lmi"]
[SourceDate "2008.07.20"]
[WhiteTeam "Narvik"]
[BlackTeam "AS04"]

1. e4 c5 2. Nf3 d6 3. d4 cxd4 4. Nxd4 Nf6 5. Nc3 a6 6. f4 Qc7 7. Bd3 g6 8. Nf3
Nbd7 9. O-O Bg7 10. Kh1 O-O 11. Qe1 e5 12. Qh4 b5 13. f5 Bb7 14. Bh6 b4 15. Nd5
Bxd5 16. Bxg7 Kxg7 17. exd5 Nc5 18. Ng5 h6 19. Nh3 Nxd3 20. cxd3 Rac8 21. Qxb4
Nxd5 22. Qh4 Qd8 23. Qa4 Qb6 24. fxg6 Qb5 25. Qg4 Ne3 26. Rxf7+ Rxf7 27. Qxc8
Qd5 28. Rg1 Rf1 29. Qd7+ Kxg6 30. Qe8+ Kg7 31. Qe7+ Kg6 32. Qe8+ 1/2-1/2

[Event "Politiken Cup 2008"]
[Site "Helsingør DEN"]
[Date "2008.07.22"]
[Round "6.65"]
[White "Rosenkilde, Alexander"]
[Black "Grass, Ernest"]
[Result "1-0"]
[WhiteElo "2156"]
[BlackElo "1953"]
[PlyCount "75"]
[EventDate "2008.07.20"]
[EventType "swiss"]
[EventRounds "9"]
[EventCountry "DEN"]
[Source "lmi"]
[SourceDate "2008.07.20"]
[WhiteTeam "Taastrup"]
[BlackTeam "Schachfreunde Braunfelds"]

1. d4 Nf6 2. c4 g6 3. Nc3 Bg7 4. e4 d6 5. Nf3 O-O 6. h3 e5 7. d5 Nbd7 8. Bg5 h6
9. Be3 Nc5 10. Nd2 Ne8 11. b4 Nd7 12. Rc1 f5 13. f3 Ndf6 14. c5 f4 15. Bf2 Nh5
16. Bb5 a6 17. Bxe8 Rxe8 18. Nc4 Qg5 19. Rg1 Ng3 20. cxd6 b5 21. dxc7 bxc4 22.
d6 Bd7 23. Nd5 Nf5 24. exf5 e4 25. Ne7+ Rxe7 26. dxe7 Qxf5 27. Rxc4 e3 28.
c8=Q+ Rxc8 29. Rxc8+ Kh7 30. e8=Q Bxe8 31. Rxe8 Bc3+ 32. Ke2 Qb5+ 33. Qd3 Qxb4
34. Rb1 Qa5 35. Rb7+ Bg7 36. Rxg7+ Kxg7 37. Qd7+ Kf6 38. Qe6+ 1-0

[Event "Politiken Cup 2008"]
[Site "Helsingør DEN"]
[Date "2008.07.22"]
[Round "6.66"]
[White "Andersson, Christin"]
[Black "Rasmussen, Henning"]
[Result "1-0"]
[WhiteElo "2144"]
[BlackElo "1953"]
[PlyCount "75"]
[EventDate "2008.07.20"]
[EventType "swiss"]
[EventRounds "9"]
[EventCountry "DEN"]
[Source "lmi"]
[SourceDate "2008.07.20"]
[BlackTeam "Nykøbing Sj"]

1. e4 e6 2. d4 d5 3. Nd2 Nf6 4. e5 Nfd7 5. Bd3 c5 6. c3 Nc6 7. Ngf3 cxd4 8.
cxd4 Qb6 9. Nb3 Bb4+ 10. Bd2 Bxd2+ 11. Qxd2 Qb4 12. Rc1 Qxd2+ 13. Kxd2 Ndb8 14.
Rc3 Bd7 15. Nc5 Bc8 16. Rhc1 b6 17. Nb3 Bd7 18. Bb5 Ke7 19. Bxc6 Nxc6 20. Rxc6
Bxc6 21. Rxc6 Rac8 22. Rxc8 Rxc8 23. Ne1 f6 24. f4 fxe5 25. dxe5 g6 26. Nf3 h6
27. Nbd4 a6 28. b3 Kd7 29. g3 Rg8 30. Ne1 g5 31. Nd3 gxf4 32. Nxf4 Rg5 33. Nd3
h5 34. Ke3 Rg4 35. Nf4 h4 36. gxh4 Rxh4 37. h3 Rh6 38. Ndxe6 1-0

[Event "Politiken Cup 2008"]
[Site "Helsingør DEN"]
[Date "2008.07.22"]
[Round "6.67"]
[White "Andersen, Dag"]
[Black "Andersen, Lars Christoff"]
[Result "0-1"]
[WhiteElo "1944"]
[BlackElo "2131"]
[PlyCount "70"]
[EventDate "2008.07.20"]
[EventType "swiss"]
[EventRounds "9"]
[EventCountry "DEN"]
[Source "lmi"]
[SourceDate "2008.07.20"]
[WhiteTeam "Indre Østfolds Sjakkselskab"]
[BlackTeam "Herlev"]

1. d4 d5 2. Nf3 e6 3. c4 c5 4. cxd5 exd5 5. dxc5 Bxc5 6. e3 Nf6 7. Nbd2 O-O 8.
Nb3 Bb6 9. Be2 Nc6 10. O-O Bg4 11. Nfd4 Ne5 12. Bxg4 Nexg4 13. h3 Ne5 14. Bd2
Ne4 15. Bb4 Re8 16. a4 a5 17. Ba3 Nc4 18. Qd3 Qf6 19. f3 Ned2 20. Rfe1 Nxb3 21.
Nxb3 Nxe3 22. Bc5 Bxc5 23. Nxc5 Qxb2 24. Qe2 Qd4 25. Nb3 Qb6 26. Qb5 Qxb5 27.
axb5 b6 28. Rac1 Kf8 29. Rc6 a4 30. Nd2 Nc4 31. Rd1 a3 32. Nxc4 a2 33. Ra1 dxc4
34. Rxc4 Re2 35. Kf1 Rb2 0-1

[Event "Politiken Cup 2008"]
[Site "Helsingør DEN"]
[Date "2008.07.22"]
[Round "6.69"]
[White "Nohr, Finn"]
[Black "Nielsen, Preben"]
[Result "1/2-1/2"]
[WhiteElo "2127"]
[BlackElo "1921"]
[PlyCount "74"]
[EventDate "2008.07.20"]
[EventType "swiss"]
[EventRounds "9"]
[EventCountry "DEN"]
[Source "lmi"]
[SourceDate "2008.07.20"]
[WhiteTeam "Sydøstfyn"]
[BlackTeam "Ålsgårde"]

1. e4 c5 2. c3 d5 3. exd5 Qxd5 4. d4 e6 5. Nf3 cxd4 6. cxd4 Nf6 7. Nc3 Qd8 8.
Bd3 Nc6 9. O-O Nb4 10. Bb1 Bd7 11. Re1 Bd6 12. Bg5 Bc6 13. d5 Nbxd5 14. Nxd5
Bxd5 15. Bxf6 gxf6 16. Be4 Bxe4 17. Rxe4 Bc5 18. Qe2 Qb6 19. b4 Be7 20. Nd4
O-O-O 21. Nb3 Rd5 22. a3 Rhd8 23. Rh4 Qd6 24. g3 Rd1+ 25. Rxd1 Qxd1+ 26. Qxd1
Rxd1+ 27. Kg2 Rd3 28. Nc5 Rxa3 29. Rxh7 Bxc5 30. bxc5 Rc3 31. Rxf7 a5 32. h4
Rxc5 33. Rxf6 a4 34. Rf8+ Kc7 35. Ra8 b5 36. g4 Kb7 37. Ra5 Kb6 1/2-1/2